ذكريات عاشق : (Record no. 15945)
[ view plain ]
| 000 -الفاتح | |
|---|---|
| حقل البيانات ثابتة الطول | 01235nam a2200301 i 4500 |
| 003 - محدد رقم الضبط | |
| رقم الضبط | EG-ScBUE |
| 005 - وقت وتاريخ اخر تعامل مع التسجيلة | |
| رقم الضبط | 20231106104936.0 |
| 008 - عناصر البيانات ثابتة الطول - معلومات عامة | |
| حقل البيانات ثابتة الطول | 110904s1990 ua af 000 u cara d |
| 017 ## - رقم الإيداع القانونى | |
| رقم الإيداع القانونى | 1990 / 2031 |
| 020 ## - الرقم الدولى المعيارى للكتب | |
| الرقم الدولى المعيارى للكتاب | 977124350X |
| 040 ## - مصدر الفهرسة | |
| وكالة الفهرسة الأصلية | EG-ScBUE |
| لغة الفهرسة | ara |
| قواعد الوصف | rda |
| وكالة النسخ | EG-ScBUE |
| وكالة التعديل | EG-ScBUE |
| 082 04 - رقم تصنيف ديوى العشرى | |
| رقم الطبعة | 22 |
| رقم التصنيف | 782.42168 |
| رقم المادة | ت ب ا |
| 100 1# - المدخل الرئيسى - إسم شخصى | |
| 9 (RLIN) | 26973 |
| الإسم الشخصى | تبارك، محمد، |
| الدور | مؤلف. |
| 245 10 - بيان العنوان | |
| العنوان | ذكريات عاشق : |
| بقية العنوان | رامي وأم كلثوم / |
| بيان المسئوليه,etc | محمد تبارك ؛ المشرف على التحرير جمال الغيطاني. |
| 264 #1 - النشر، التوزيع | |
| مكان الناشر او الموزع | القاهرة : |
| اسم الناشر او الموزع | أخبار اليوم، |
| تاريخ النشر أو التوزيع | 1990. |
| 300 ## - الوصف المادى | |
| التعداد | 125 صفحة ؛ |
| أبعاد الوعاء | 19 سم. |
| 336 ## - نوع المحتوى | |
| source | rdacontent |
| Carrier Type Term | نص |
| Content Type Code | txt |
| 337 ## - نوع الوسيط | |
| Media Type Term | بدون وسيط |
| source | rdamedia |
| Media Type Code | n |
| 338 ## - نوع الحامل أو الناقل | |
| Carrier Type Term | مجلد |
| Carrier Type Code | nc |
| source | rdacarrier |
| 490 0# - بيان السلسلة | |
| عنوان السلسلة | كتاب اليوم ؛ |
| رقم المجلد/ التعيين التسلسلي | 304 |
| 541 ## - تبصرة المصدر المباشر للتزويد | |
| مصدر التزويد | علاء عبد الغني ؛ |
| طريقة التزويد | إهداء ؛ |
| 650 #7 - المدخل الاضافى بالموضوع-مصطلح موضوعى | |
| 9 (RLIN) | 26974 |
| مصطلح موضوعي أو اسم جغرافي كعنصر مدخل | الفنانون المصريون |
| التقسيم الفرعي الشكلي | تراجم. |
| مصدر الرأس أو المصطلح | BUEsh |
| 650 #7 - المدخل الاضافى بالموضوع-مصطلح موضوعى | |
| مصطلح موضوعي أو اسم جغرافي كعنصر مدخل | الشعراء المصريون |
| التقسيم الفرعي الشكلي | تراجم. |
| مصدر الرأس أو المصطلح | BUEsh |
| 650 #7 - المدخل الاضافى بالموضوع-مصطلح موضوعى | |
| مصطلح موضوعي أو اسم جغرافي كعنصر مدخل | المطربون والمطربات المصريون |
| التقسيم الفرعي الشكلي | تراجم. |
| مصدر الرأس أو المصطلح | BUEsh |
| 655 ## - مصطلح تكشيفى-نوع/شكل | |
| التقسيم الفرعي الشكلي | Reading book |
| 700 1# - المدخل الاضافى - اسم شخصى | |
| الإسم الشخصى | الغيطاني، جمال، |
| التواريخ المصاحبة للاسم | 1945-2015، |
| الدور | مشرف. |
| 942 ## - عناصر المدخل الإضافي( كوها) | |
| مصدر التصنيف او مخطط الترفيف | Dewey Decimal Classification |
| Koha [default] item type | Book - Borrowing |
| حالة التراجع | حالة الفقد | مصدر التصنيف او خطة الترفيف | حالة تلف | ليس للاعارة | مجموعات كوها | المكان الدائم | المكان الحالي | موقع الترفيف | تاريخ الاكتساب | Source of acquisition | رقم الاستدعاء | الباركود | Date last seen | نوع الوعاء |
|---|---|---|---|---|---|---|---|---|---|---|---|---|---|---|
| Dewey Decimal Classification | Donation-Gift | Central Library | Central Library | Second Floor | 04/09/2011 | Donation | 782.42168 ت ب ا | 000024655 | 15/07/2025 | Book - Borrowing |